Využitie počítačom podporovaných technológií pri návrhu a výrobe zubných náhrad

Salvato in:
Dettagli Bibliografici
Autore principale: Milde, Ján, 1989- (Autore)
Altri autori: Morovič, Ladislav, 1979- (Relatore della tesi)
Natura: Manoscritto Libro
Lingua:slovacco
Pubblicazione: Trnava : STU v Bratislave MTF UVTE, 2013
Soggetti:
Accesso online:VAIS
Tags: Aggiungi Tag
Nessun Tag, puoi essere il primo ad aggiungerne!!

MARC

LEADER 00000ntm a22000003a 4500
001 stu268058
005 20150617230229.7
008 130612s2013----xo------------------slo-d
040 |a STU  |b slo 
041 0 |a slo 
044 |a xo 
100 1 |a Milde, Ján,  |d 1989-  |4 aut  |u M3000  |U MTF Materiálovotechnologická fakulta  |T MTF Ústav výrobných technológií  |X 56936  |U M3000  |Y 83  |7 A000056936 
242 0 0 |a The use of computer aided technologies for designing and fabrication of dental restorations  |y eng 
245 1 |a Využitie počítačom podporovaných technológií pri návrhu a výrobe zubných náhrad 
260 |a Trnava :  |b STU v Bratislave MTF UVTE,  |c 2013 
650 7 |a počítačová podpora návrhu a výroby  |2 stusub 
650 7 |a Computer-Aided Design and Production  |2 estusub 
650 7 |a 3D scanning  |2 estusub 
650 7 |a 3D skenovanie  |2 stusub 
650 7 |a počítačom podporované technológie  |2 stusub 
700 1 |a Morovič, Ladislav,  |d 1979-  |4 ths  |u M3000  |U MTF Materiálovotechnologická fakulta  |T MTF Ústav výrobných technológií  |X 38280  |U M3000  |Y 83  |7 A000038280 
856 4 |a info a plný text  |u http://is.stuba.sk/zp/portal_zp.pl?podrobnosti=91041  |3 VAIS 
996 |c M*DP-11162  |l MMSKP  |s P  |a 0  |w stu268058_0001